Pays avec la lettre D - Statistiques

Statistiques générales
  • Ce quiz a été pris 782 fois
  • Le résultat moyen est 26 sur 44
Statistiques - réponses
Réponses % Correct
Danemark
98%
Djibouti
78%
Finlande
74%
Inde
72%
Canada
71%
Afrique du Sud
70%
Dominique
70%
Corée du Sud
69%
Irlande
69%
Indonésie
68%
Islande
68%
République Dominicaine
68%
Suède
68%
Andorre
67%
Soudan
67%
Corée du Nord
66%
République Démocratique du Congo
66%
Soudan du Sud
64%
République du Congo
63%
Azerbaïdjan
60%
Madagascar
59%
Tadjikistan
59%
Macédoine du Nord
58%
Cambodge
57%
Honduras
57%
Barbade
55%
Fidji
54%
Moldavie
54%
Nouvelle-Zélande
54%
Tchad
54%
Arabie Saoudite
53%
Jordanie
53%
Thaïlande
51%
Bangladesh
50%
Saint-Vincent-et-les-Grenadines
49%
Antigua-et-Barbuda
48%
Burundi
48%
Ouganda
48%
Maldives
46%
Rwanda
46%
Côte d'ivoire
44%
Grenade
44%
Salvador
43%
États Fédérés de Micronésie
27%
Aucun quiz correspondant
Distribution des résultats
% des personnes avec chaque résultat
Percentile par nombre de réponses
Votre historique - résultats
Vous n’avez pas pris ce quiz